00433nam a2200193Ia 4500008004100000041001200041082001100053100002400064245000900088260004500097300000800142365000800150520001700158546001200175630000900187650001700196655001700213730000900230101110s9999 xx 000 0 und d aMARATHI bJR6398 aKalyankar Aabasaheb aShet c2009bGodavari prakashan, Kharbi, Nanded a186 b150 adryland agri aMARATHI aShet adryland agri adryland agri aShet